Introduction Organic Laboratory Techniques a contemporary approach
| Main Authors: | , , |
|---|---|
| Format: | Section = Libro |
| Language: | Undetermined Spanish |
| Published: |
Inited Stated
Saunders Collage
1982
|
| Edition: | 2a. ed. |
| Subjects: |
| LEADER | 00728nam a2200241Ia 4500 | ||
|---|---|---|---|
| 008 | 240830s9999 xx 000 0 und d | ||
| 020 | |a 234-147-98765432 | ||
| 040 | |a CEDOC FIQ-RUSB / 547 P338 | ||
| 041 | |a spa | ||
| 082 | |a 547 P338 | ||
| 100 | 1 | |a Pavia, Donald L | |
| 100 | 1 | |b Lampman, Gary M. | |
| 100 | 1 | |c Kriz, Jr., George S. | |
| 245 | 1 | 0 | |a Introduction Organic Laboratory Techniques a contemporary approach |
| 250 | |a 2a. ed. | ||
| 260 | |a Inited Stated |b Saunders Collage |c 1982 | ||
| 300 | |a 675 p. :il. | ||
| 650 | 7 | |a QUÍMICA ORGÁNICA | |
| 650 | 7 | |b EXPERIMENTO OXIDACIÓN DE ALCOHOL ACIDO CROMÁTICO | |
| 650 | 7 | |c PROCEDIMIENTO NITRACIÓN DE METIL BENZOATO | |
| 942 | |c BK |2 ddc | ||
| 991 | |a TEXTO | ||
| 999 | |c 14023 | ||